Cinco relaciones jeográficas e hidrográficas que interesan a Chile publicadas por Nicolás Anrique R
Guardat en:
| Autors principals: | , , , , , |
|---|---|
| Altres autors: | |
| Format: | Llibre |
| Idioma: | espanyol |
| Publicat: |
Santiago
Imprenta Elzeviriana
1897
|
| Edició: | 1a. ed |
| Matèries: | |
| Etiquetes: |
Afegir etiqueta
Sense etiquetes, Sigues el primer a etiquetar aquest registre!
|
MARC
| LEADER | 00000nam a2200000 a 4500 | ||
|---|---|---|---|
| 001 | UCJ3621 | ||
| 003 | CL-VaPUC | ||
| 008 | 070124e18970401CL |||||||||||||||||spa|d | ||
| 082 | 0 | 4 | |a 910.4 |b ANR |2 21 |
| 100 | |a Anrique R., Nicolás |e author |9 505650 | ||
| 700 | 0 | |a Ribera, Lázaro de |e author |9 505651 | |
| 700 | 0 | |a Le Maire, Jacobo |e author |9 505652 | |
| 700 | 0 | |a Schouten, Guillermo Cornelio |e author |9 505653 | |
| 700 | |a Moraleda y Montero, José de |e autor |9 507444 | ||
| 700 | 0 | |a Santa Cruz Silva de la Banda, Juan José de |e author |9 505655 | |
| 700 | 0 | |a Flores de Valdés, Diego |e author |9 505656 | |
| 245 | 1 | 0 | |a Cinco relaciones jeográficas e hidrográficas que interesan a Chile publicadas por Nicolás Anrique R |
| 246 | 1 | 0 | |a Discurso que hace el Alférez Don Lázaro de Ribera, injeniero delineador, sobre la provincia de Chiloé por orden del Supremo Gobierno de Lima, desde esta misma ciudad en agosto de 1782 |
| 246 | 1 | 0 | |a Relación diaria del viaje de Jacobo Demaire ,sic, y Guillermo Cornelio Schouten en que descubrieron nuevo estrecho i pasaje del Mar del Norte al Mar del Sur, a la parte austral del Estrecho de Magallanes. Año IHS 1616 |
| 246 | 1 | 0 | |a Descripción de los nuevos descubrimientos i reconocimientos hechos posteriormente en este Océano Pacífico, fundada sobre las noticias adquiridas de los sujetos más intelijentes que han ejecutado los viajes que se han hecho. 1773, 1777 |
| 246 | 1 | 0 | |a Noticias pertenecientes al Reino de Chile dadas en el año de 1730 |
| 246 | 1 | 0 | |a Viaje al Puerto del Callao o de Lima, en la varca afragatada del Rey, del porte de 40 cañones, nombrada Nra. Señora de Monserrate, Año de 1772 |
| 250 | |a 1a. ed | ||
| 300 | |a pág. irreg | ||
| 942 | |c BK | ||
| 945 | |d 20070124 00:00:00 |a rinostro | ||
| 260 | |a Santiago |b Imprenta Elzeviriana |c 1897 | ||
| 500 | |a Las cinco obras que publica Don Nicolás Anrique se encuentran empastadas en un volumen rotulado Relaciones Geográficas. De gran mérito, muy raras e importantes para el conocimiento de la Historia y Geografía del Chile colonial. Jacobo Le Maire, Lemaire según algunos, aparece mencionado en la portada como Demaire, probablemente por error de tipografía | ||
| 650 | 0 | |a Viajes |9 257115 | |
| 650 | 0 | |a Descubrimientos geográficos |9 331933 | |
| 650 | 0 | |a Abuso de poder |9 324689 | |
| 650 | 0 | |a Antropología cultural |9 269905 | |
| 650 | 7 | |a CRITICA HISTORICA |2 CL-VaPUC |9 505657 | |
| 651 | 7 | |a CHILE |2 CL-VaPUC |9 505658 | |
| 651 | 0 | |a Isla de Pascua |9 261357 | |
| 651 | 0 | |a Estrecho de Magallanes |9 354479 | |
| 651 | 7 | |a ESTRECHO DE LE MAIRE |2 CL-VaPUC |9 505616 | |
| 651 | 0 | |a Chiloé |9 265209 | |
| 651 | 0 | |a Santiago |9 265444 | |
| 583 | |a last modification |c 20121001 01:46:17 |k Rodrigo Vera | ||
| 999 | |c 319743 |d 319741 | ||
| 952 | |0 0 |1 0 |4 0 |6 910_400000000000000_ANR_1897 |7 0 |8 X |9 398112 |a FDOBUD |b FDOBUD |d 2019-11-22 |i 1006126 |o 910.4 ANR 1897 |p 1006126 |r 2019-11-22 |w 2019-11-22 |y BK_X |k BUD | ||